00415nam a2200133Ia 4500008004100000024001500041082002000056100001900076245007800095260002600173600003200199650003300231999001700264260210s9999 xx 000 0 und d a95A-000-CS a005.7585072 ZIA aZia -Ur-Rehman 0aPoint of Sale Sale & Inventory Control Distributed Transaction System aKarachi:bUITU,c1995 aComputer System Engineering aBachelor of Engineering (BE) c32559d32559